Histochemical studies of oxidoreductases in rat kidney regenerating after mercuric chloride injury

The activities of succinic dehydrogenase, glucose-6-phosphate dehydrogenase, lactate dehydrogenase and cytochrome oxidase, representatives of the tricarboxylic acid cycle, pentose phosphate pathway, glycolysis and terminal oxidation, respectively, were investigated after necrosis induced with mercur...

Teljes leírás

Elmentve itt :
Bibliográfiai részletek
Szerzők: Böti Zs
Sztriha László
Ormos Jenő
Dokumentumtípus: Cikk
Megjelent: 1981
Sorozat:EXPERIMENTAL PATHOLOGY 19 No. 4
Tárgyszavak:
doi:10.1016/S0232-1513(81)80070-9

mtmt:1908819
Online Access:http://publicatio.bibl.u-szeged.hu/33585
LEADER 02101nab a2200241 i 4500
001 publ33585
005 20250528105906.0
008 250528s1981 hu o 000 eng d
022 |a 0232-1513 
024 7 |a 10.1016/S0232-1513(81)80070-9  |2 doi 
024 7 |a 1908819  |2 mtmt 
040 |a SZTE Publicatio Repozitórium  |b hun 
041 |a eng 
100 1 |a Böti Zs. 
245 1 0 |a Histochemical studies of oxidoreductases in rat kidney regenerating after mercuric chloride injury  |h [elektronikus dokumentum] /  |c  Böti Zs. 
260 |c 1981 
300 |a 247-256 
490 0 |a EXPERIMENTAL PATHOLOGY  |v 19 No. 4 
520 3 |a The activities of succinic dehydrogenase, glucose-6-phosphate dehydrogenase, lactate dehydrogenase and cytochrome oxidase, representatives of the tricarboxylic acid cycle, pentose phosphate pathway, glycolysis and terminal oxidation, respectively, were investigated after necrosis induced with mercuric chloride. 24 hours after the administration of mercuric chloride, the activities of all four enzymes were decreased in the necrotic proximal tubular segments. By the third day of regeneration the activities had decreased or disappeared in all three portions of the necrotic proximal tubules as compared to the 24-hour situation, but they remained constant in the distal tubules; the activity of G6PDH was rather increased. Between the 5th and 12th days the activities gradually increased in the regenerating proximal tubules, while the G6PDH activity of the distal tubules remained elevated, and by the 3rd to 4th week the activities were the same as those in the control animals. Our histochemical results complement the earlier biochemical results of analyses of tissue homogenates localizing the changes of enzyme activity. The histochemical studies suggest that the non-necrotic parts of the nephron contribute to the supplies of energy and substances to the regenerating cell. 
650 4 |a Általános orvostudomány 
700 0 1 |a Sztriha László  |e aut 
700 0 1 |a Ormos Jenő  |e aut 
856 4 0 |u http://publicatio.bibl.u-szeged.hu/33585/1/aok_klny_1087_81.pdf  |z Dokumentum-elérés